000
00212 a2200097 4500
001
52496
100
_a
Hastings M
245
_a
Battle for the Falklands
260
_a
London
_b
M Joseph
_c
090
_c
32983
_d
32983
942
_a
NUST-CAE
_c
M
_c
25539
999
_c
287569
_d
287569